000 00742nam a22001337a 4500
040 _cRUA
082 _aVEM LOR 2014 B442 Or.1
100 _aLORN RITHY ; លន រិទ្ធី
245 _aStudy on effectiveness of abamec l.a on gastrointestinal parasites of cattle at kok romiat village, kandal province , ប្រសិទ្ធភាព Abamec l.a ក្នុងការទម្លាក់បរាសិតក្នុងក្រពះពោះវៀនគោ ក្នុងភូមិគោករមៀត ខេត្តកណ្ដាល
260 _aPhnom Penh
_bRUA
_c2014
300 _axi ;38p.
_bill.
_c29cm.
856 _uhttps://drive.google.com/file/d/10_1lG2KY-q9u_-5_iOv_lzMY91gLz_7K/view?usp=sharing
942 _cVEM
999 _c7221
_d7221